1141 1764 1477 1176 1825 1741 1581 1282 1225 1002 1980 1358 1481 1463 1293 1611 1442 1808 1517 1468 1455 1192 1757 1451 1375 1633 1130 1206 1750 1830 1828 1477 1815 1188 1269 1674 1866 1761 1340 1603 1666 1069 1228 1408 1946 1021 1679 1042 1783 1826 1888 1777 1364 1374 1749 1420 1214 1211 1764 1420 1858 1482 1940 1030 1756 1775 1354 1396 1088 1424 1749 1252 1332 1405 1083 1806 1267 1477 1813 1931 1363 1211 1256 1437 1378 1182 1704 1089 1899 1132 1321 1923 1226 1796 1908 1607 1431 1989 1427 BCNSPRNW ULIB Ver.6.0+V

เปลี่ยนเป็นภาษาไทย

Change to English
 แสดงรายละเอียดบรรณานุกรม
  กลับหน้าหลัก

Brief Record : Get Marc (ISO 2709) : E-mail record : QR code < ปิดหน้าต่าง
LEADER : 00000nam 2200000uu 4500
001    13399126893
003     ULIB
008    190829s2561||||th 000 0 tha d
020    ^a9786164682528
060    ^aWM270^bน256ก
100    ^aนริสา วงศ์พนารักษ์
245    ^aการพยาบาลผู้ติดสารเสพติด/^bนริสา วงศ์พนารักษ์
250    ^aพิมพ์ครั้งที่ 2
260    ^aมหาสารคาม :^bกากะเยีย,^c2561.
300    ^a159 หน้า : ^bตารางประกอบ;^c26 ซม.
504    ^aเอกสารอ้างอิงและดัชนีท้ายเล่ม
650  7 ^aการพยาบาลจิตเวชศาสตร์.
650  7 ^aการติดยาเสพติด.
710    ^aมหาวิทยาลัยมหาสารคาม^bคณะพยาบาลศาสตร์
945    ^p230^l0^i27530
945    ^p230^l0^i27527
945    ^p230^l0^i27526
945    ^p230^l0^i27528
945    ^p230^l0^i27529
999    ^aกัณชพร จุลอักษร
รายการนี้ยังไม่มีแท็ก
คุณยังไม่ได้ล็อกอิน คุณสามารถมีกิจกรรมร่วมกับเว็บไซต์ได้ แต่ต้องล็อกอินก่อน ::
  ล็อกอิน

รายการสื่อสารสนเทศ

ลำดับที่ ประเภท เลขเรียก/บาร์โค้ด สถานที่ สถานะ
1. หนังสือสำรอง
หนังสือสำรอง
WM270 น256ก ฉ.1 
  Barcode: 27526
ห้องสมุดวิทยาเขตนครสวรรค์
►หนังสือทั่วไป:l:General Books
บนชั้น
2. วิทยาศาสตร์การแพทย์ และสุขภาพ
วิทยาศาสตร์การแพทย์ และสุขภาพ
WM270 น256ก ฉ.2 
  Barcode: 27527
ห้องสมุดวิทยาเขตนครสวรรค์
►หนังสือทั่วไป:l:General Books
บนชั้น
3. วิทยาศาสตร์การแพทย์ และสุขภาพ
วิทยาศาสตร์การแพทย์ และสุขภาพ
WM270 น256ก ฉ.3 
  Barcode: 27528
ห้องสมุดวิทยาเขตนครสวรรค์
►หนังสือทั่วไป:l:General Books
บนชั้น
4. วิทยาศาสตร์การแพทย์ และสุขภาพ
วิทยาศาสตร์การแพทย์ และสุขภาพ
WM270 น256ก ฉ.4 
  Barcode: 27529
ห้องสมุดวิทยาเขตนครสวรรค์
►หนังสือทั่วไป:l:General Books
บนชั้น
5. วิทยาศาสตร์การแพทย์ และสุขภาพ
วิทยาศาสตร์การแพทย์ และสุขภาพ
WM270 น256ก ฉ.5 
  Barcode: 27530
ห้องสมุดวิทยาเขตนครสวรรค์
►หนังสือทั่วไป:l:General Books
บนชั้น

รายการใกล้เคียง
    ผู้แต่ง [นริสา วงศ์พนารักษ์]

    หัวเรื่อง [การพยาบาลจิตเวชศาสตร์.]
    หัวเรื่อง [การติดยาเสพติด.]

BibComment


ยังไม่เคยถูกคอมเมนท์

คอมเมนท์ทรัพยากรรายการนี้
  คอมเมนท์: การพยาบาลผู้ติดส..


 Copyright 2026. Bcnsprnw @Library